Normal view
MARC view
- Ahindara Ghosh, Amit Chatterjee
Entry Personal Name
001 - CONTROL NUMBER
- control field: 127758
003 - CONTROL NUMBER IDENTIFIER
- control field: NUST
005 - DATE AND TIME OF LATEST TRANSACTION
- control field: 20250131095039.0
008 - FIXED-LENGTH DATA ELEMENTS
- fixed length control field: 250131|| aca||aabn | a|a d
040 ## - CATALOGING SOURCE
- Original cataloging agency: NUST
- Transcribing agency: NUST
100 ## - HEADING--PERSONAL NAME
- Personal name: Ahindara Ghosh, Amit Chatterjee
670 ## - SOURCE DATA FOUND
- Source citation: Work cat.: (NUST)564594: Ahindara Ghosh, Amit Chatterjee, Ironmaking and Steelmaking Theory and Practice /, 2008
